[Event "FRA-chT 0102 U18"]
[Site "France"]
[Date "2002.??.??"]
[Round "11.1"]
[White "Planchon, Marc"]
[Black "Cossin, Sebastien"]
[Result "0-1"]
[WhiteElo "1410"]
[BlackElo "2227"]
[PlyCount "72"]
[EventDate "2001.10.??"]
[EventType "team-tourn"]
[EventRounds "11"]
[EventCountry "FRA"]
[SourceTitle "EXT 2003"]
[Source "ChessBase"]
[SourceDate "2002.11.25"]
[SourceVersion "1"]
[SourceVersionDate "2002.11.25"]
[SourceQuality "1"]
[WhiteTeam "Clichy"]
[BlackTeam "AECE"]
[WhiteTeamCountry "FRA"]
[BlackTeamCountry "FRA"]

1. d4 Nf6 2. Nf3 g6 3. c4 Bg7 4. Nc3 0-0 5. g3 d6 6. Bg2 Nbd7 7. 0-0 a6 8. e3 c5 9. d5 b5 10. b3 Nb6 11. Nd2 Ng4 12. Bb2 Rb8 13. h3 Ne5 14. f4 Nd3 15. Bc1 Bxc3 16. Ne4 Bxa1 17. Qxd3 bxc4 18. bxc4 a5 19. Bd2 Bg7 20. Bc3 Bxc3 21. Nxc3 Ba6 22. Qd1 Nxc4 23. Re1 Nb2 24. Qa1 Nd3 25. Rd1 c4 26. Ne4 Rb2 27. Bf1 Qb6 28. Nd2 Qxe3+ 29. Kh2 Rxd2+ 30. Rxd2 Qxd2+ 31. Bg2 Rb8 32. Qg1 Rb2 33. h4 Bb7 34. Kh3 Nf2+ 35. Kh2 Ng4+ 36. Kh1 Bxd5 0-1